| 000 | 01463cas a2200337 a 4500 | ||
|---|---|---|---|
| 005 | 20170509112847.0 | ||
| 008 | 001130c19699999njubr p o 0 a0eng c | ||
| 022 | _a1744-7429 | ||
| 022 | _a0006-3606 (cancelado) | ||
| 040 |
_aEYM _cEYM _dNYP _dOCLCQ _dF#A _dION _dBIK _dWCM _dMYG _dOCLCQ _dMUQ _dMYG _dNSD _dOCLCQ _dCLU _dOCLCA _dOCLCQ _dOCLCO _dOCLCQ _dOCLCF _dOCLCO _dVT2 _dDLC _dOCLCQ _dDLC _dOCLCO _dDLC _dOCLCE _dAU@ _dDLC _dOCLCQ _dDEBBG _dDEFHM _dOCLCO _dOCLCA _dCO-BoIAVH |
||
| 041 | 0 | _aeng | |
| 044 | _axxu | ||
| 090 | _aSE- | ||
| 245 | 0 | 0 | _aBiotropica. |
| 260 |
_aWashington, D.C. : _bAssociation for Tropical Biology, _c1969- |
||
| 260 | 2 |
_aMalden MA : _bBlackwell Pub. _c. |
|
| 260 | 3 |
_aHoboken, NJ : _bWiley Periodicals Inc. _c. |
|
| 300 |
_bilustraciones y tablas ; _c26 x 18 cm. |
||
| 310 |
_b2006- _ab |
||
| 321 |
_ag _b1969-1971 |
||
| 321 |
_at _b1972-1973 |
||
| 321 |
_aq _b1974-2005 |
||
| 650 | 2 | 6 |
_aBiología _zZonas tropicales _vPublicaciones periódicas |
| 650 | 2 | 6 |
_aEcología _xZonas tropicales _vPublicaciones periódicas |
| 650 | 2 | 4 |
_aEcosistemas _xZonas tropicales _vPublicaciones periódicas |
| 710 | 2 | _aAssociation for Tropical Biology | |
| 710 | 2 | _aAssociation for Tropical Biology and Conservation | |
| 776 | 0 | 8 |
_iPrint version: _tBiotropica _x0006-3606 _w(DLC) 73010234 _w(OCoLC)1536475 |
| 780 | 0 | 0 |
_aAssociation for Tropical Biology. _tBulletin _x2471-5050 _w(DLC) 2016200204 _w(OCoLC)561374860 |
| 942 |
_2z _cREVISTA _s1 |
||
| 999 |
_c17197 _d17197 |
||